• 首页
  • 本馆介绍
  • 公告通知
  • 最新文献
  • 馆藏检索
  • 电子资源
  • 读者导购
  • 参考咨询
  • 我的图书馆
  • 登录
  • 详细信息显示
  • 放入我的书架
  • 预约/预借图书
  • 作者相关作品
  • 分类相关作品
  • 丛书相关作品
  • 出版社相关作品

书目信息

  • 表格格式
  • 工作单格式
  • 卡片格式
题名:
横刀枣宜线
    
 
作者: 张慧 著
分册:  
出版信息: 北京   长城出版社  2015
页数: 318页
开本: 24cm
丛书名: 中国抗日战争战场全景画卷丛书
单 册:
中图分类: E296.93
科图分类:
主题词:
电子资源:
ISBN: 978-7-80017-972-3
000 01024oam2 2200277 45
001 012001004101
005 20140928162348.0
010    @a978-7-80017-972-3@dCNY56.00
100    @a20151101d2015 em y0chiy50 ea
101 0  @achi
102    @aCN@b110000
105    @aa z 000yy
106    @ar
200 1  @a横刀枣宜线@9heng dao zao yi xian@e枣宜会战影像全纪录@f张慧著
210    @a北京@c长城出版社@d2015
215    @a318页@c照片@d24cm
225 1  @a中国抗日战争战场全景画卷丛书@h第三辑@v20
300    @a其他题名:枣宜会战影像全纪录
330    @a本书全方位、多视角、全景式地讲述了1940年日本军队驻武汉的第11军对中国第5战区部队发动的枣宜会战的全过程。此役,中国军队第33集团军总司令张自忠上将壮烈殉国。
461  0 @12001 @a中国抗日战争战场全景画卷丛书
517 1  @a枣宜会战影像全纪录@9zao yi hui zhan ying xiang quan ji lu
601 02 @a国民党军@x抗日战争时期战役战斗@y湖北@j史料
690    @aE296.93@v5
701  0 @a张慧@9zhang hui@4著
801  0 @aCN@b上海新华@c20180901
905    @b1165656-60@dE296.93@e104@f5
    
    横刀枣宜线:枣宜会战影像全纪录/张慧著.-北京:长城出版社,2015
    318页:照片;24cm.-(中国抗日战争战场全景画卷丛书.第三辑;20)
    其他题名:枣宜会战影像全纪录
    
    ISBN 978-7-80017-972-3:CNY56.00
    本书全方位、多视角、全景式地讲述了1940年日本军队驻武汉的第11军对中国第5战区部队发动的枣宜会战的全过程。此役,中国军队第33集团军总司令张自忠上将壮烈殉国。
●
相关链接 在E读中查询图书 在五车中查询图书 在当当中查询图书 在豆瓣中查询图书


正题名:横刀枣宜线     索取号:E296.93/104         预约/预借

序号 登录号 条形码 馆藏地/架位号 状态 备注
1 1165656   211656563   第一样本阅览室/ [索取号:E296.93/104] 在馆    
2 1165657   211656572   第一借阅区/ [索取号:E296.93/104] 在馆    
3 1165658   211656581   第一借阅区/ [索取号:E296.93/104] 在馆    
4 1165659   211656590   第一借阅区/ [索取号:E296.93/104] 在馆    
5 1165660   211656607   密集书库-资源管理系/ [索取号:E296.93/104] 在馆    
唐山师范学院图书馆 欢迎您!
大连网信软件有限公司© 版权所有